ASME-APREL 2021 International Pipeline Geotechnical Conference

Detalles Bibliográficos
Formato: Electrónico Revista
Lenguaje:English
Publicado: ASME
Acceso en línea:Full text available on ASME[2021-2021]
Off-campus access
LEADER 00950cas a2200181 a 4500
001 AALConferenceProceedingsASME000301
008 230101c9999 xx r poo 0 0eng d
020 |a 978-0-7918-8505-5 
040 |a BD-DhAAL  |c BD-DhAAL 
245 0 0 |h [electronic resource]  |a ASME-APREL 2021 International Pipeline Geotechnical Conference  
260 |b ASME 
300 |a 1 online resource 
500 |a <strong>Off-Campus Access:</strong> Athens ID and Password Required 
500 |a <strong>On-Campus Access:</strong> No User ID or Password Required 
506 |a Electronic access restricted to authorized BRAC University faculty, staff and students 
538 |a Mode of access: Internet 
856 4 0 |z Full text available on ASME[2021-2021]  |u https://asmedigitalcollection.asme.org/IPG/IPG2021/volume/85055 
856 4 0 |z Off-campus access  |u https://go.openathens.net/redirector/bracu.ac.bd?url=https%3A%2F%2Fasmedigitalcollection.asme.org%2FIPG%2FIPG2021%2Fvolume%2F85055